000 00412nam a2200145Ia 4500
008 210210b1990 xxu||||| |||| 00| 0 eng d
082 _a225.7 BARD
100 _aBARCLAY (William).
245 _aDaily study bible:the letters of John and Jude.
260 _aBangalore
_bTheological Publications in India
_c1990
300 _aix,207,vi
650 _aLetters John Jude
690 _aChristianity
906 _a045748
999 _c95154
_d95154